RICS global commercial property survey (Record no. 110656)

MARC details
000 -LEADER
fixed length control field 02025cad a22002775a 4500
001 - CONTROL NUMBER
control field L149874
008 - FIXED-LENGTH DATA ELEMENTS--GENERAL INFORMATION
fixed length control field 100511s2010 xxkad f s 000 0 eng d
035 ## - SYSTEM CONTROL NUMBER
System control number (Sirsi) u149874
041 0# - LANGUAGE CODE
Language code of text/sound track or separate title eng
050 04 - LIBRARY OF CONGRESS CALL NUMBER
Classification number 333.33 $2 18
110 2# - MAIN ENTRY--CORPORATE NAME
Corporate name or jurisdiction name as entry element Royal Institution of Chartered Surveyors
Subordinate unit Economics
9 (RLIN) 5033
245 00 - TITLE STATEMENT
Title RICS global commercial property survey
Remainder of title Q1 2010
Medium [electronic resource]
260 ## - PUBLICATION, DISTRIBUTION, ETC.
Place of publication, distribution, etc. London
Name of publisher, distributor, etc. RICS
Date of publication, distribution, etc. 2010
490 #0 - SERIES STATEMENT
Series statement RICS Global Commercial Property Survey United Kingdom
Volume/sequential designation Q1 2010
520 ## - SUMMARY, ETC.
Summary, etc. The Q1 2010 survey provides evidence of continued recovery in global real estate markets with investment transactions up on the previous quarter in almost all markets. The occupier market is improving despite rents still falling in the majority of the survey countries. Latin America and Asia are clear leaders in the real estate cycle from a world regional perspective. Brazil recorded the most positive net balance on rent expectations in the survey and was near the top in terms of capital value expectations with Hong Kong and China registering strongly positive net balance readings for both of these forward looking indicators.
520 ## - SUMMARY, ETC.
Summary, etc. Also separate agents? comments on the global survey.
520 ## - SUMMARY, ETC.
Summary, etc. Also separate regional commercial property surveys for the Americas; Europe; Hong Kong and China; India; Oceania; and United Arab Emirates.
590 ## - LOCAL NOTE (RLIN)
Local note KA
650 24 - SUBJECT ADDED ENTRY--TOPICAL TERM
Topical term or geographic name entry element RICS GLOBAL COMMERCIAL PROPERTY SURVEY
651 #4 - SUBJECT ADDED ENTRY--GEOGRAPHIC NAME
Geographic name International
690 ## - LOCAL SUBJECT ADDED ENTRY--TOPICAL TERM (OCLC, RLIN)
Topical term or geographic name as entry element PROPERTY-COMMERCIAL PROPERTY-COMMERCIAL PROPERTY MARKET
856 40 - ELECTRONIC LOCATION AND ACCESS
Uniform Resource Identifier <a href="https://www.rics.org/site/download_feed.aspx?fileID=6511&fileExtension=PDF">https://www.rics.org/site/download_feed.aspx?fileID=6511&fileExtension=PDF</a>
Public note View the survey free of charge at www.rics.org
856 40 - ELECTRONIC LOCATION AND ACCESS
Uniform Resource Identifier <a href="https://www.rics.org/site/scripts/download_info.aspx?downloadID=5176">https://www.rics.org/site/scripts/download_info.aspx?downloadID=5176</a>
Public note View the additional comments to the global survey free of charge at www.rics.org
856 40 - ELECTRONIC LOCATION AND ACCESS
Uniform Resource Identifier <a href="https://www.rics.org/site/scripts/download_info.aspx?downloadID=5176">https://www.rics.org/site/scripts/download_info.aspx?downloadID=5176</a>
Public note View the regional commercial property surveys free of charge at www.rics.org
942 ## - ADDED ENTRY ELEMENTS (KOHA)
Suppress in OPAC 0
Holdings
Withdrawn status Lost status Source of classification or shelving scheme Damaged status Not for loan Home library Current library Shelving location Date acquired Total Checkouts Full call number Barcode Date last seen Copy number Price effective from Koha item type
    Dewey Decimal Classification     Virtual Virtual Online 11/05/2010   ONLINE PUBLICATION 149874-2001 06/08/2019 1 06/08/2019 Book